Escarabajos del estiércol en paisajes ganaderos de Colombia (Registro nro. 20658)

Detalles MARC
000 -CABECERA
Campo de control 00981nam a22002657a 4500
005 - FECHA Y HORA DE LA ULTIMA TRANSACCION
Campo de control 20191226101856.0
008 - ELEMENTOS DE LONGITUD FIJA—INFORMACION GENERAL
Campo de control 191226b xxu||||| |||| 00| 0 spa d
020 ## - ISBN
ISBN 9789589386828
040 ## - FUENTE DE CATALOGACIÓN
Agencia catalogadora original CO-BoIAVH
Agencia transcriptora CO-BoIAVH
041 ## - IDIOMA
Código de idioma para texto/pista de sonido o título separado Español
044 ## - PAÍS DE PUBLICACIÓN
País de publicación Colombia
082 ## - NUMERO DE CLASIFICACION DECIMAL DEWEY
Número de clasificación 595.76
Número del ítem G44e
100 ## - ASIENTO PRINCIPAL--NOMBRE PERSONAL
9 (RLIN) 102136
Nombre personal Giraldo Echeverri Carolina
245 ## - MENCION DE TITULO
Título Escarabajos del estiércol en paisajes ganaderos de Colombia
Mención de responsabilidad Carolina Giraldo Echeverri, Santiago Montoya Molina y Federico Escobar Sarria
260 ## - PUBLICACION, DISTRIBUCION, ETC. (PIE DE IMPRENTA)
Lugar de publicación, distribución, etc. Cali,
Nombre del editor, distribuidor, etc. CIPAV,
Fecha de publicación, distribución, etc. 2018.
300 ## - DESCRIPCION FISICA
Extensión 146 páginas
Otros detalles físicos Ilustraciones y fotografías
Dimensiones 21.5 x 16.7cm
650 #0 - ASIENTO SECUNDARIO DE MATERIA - TERMINO TEMATICO
9 (RLIN) 64064
Término temático o nombre geográfico como elemento de entrada Escarabajos del estiércol
Subdivisión general Biogeografía
650 #0 - ASIENTO SECUNDARIO DE MATERIA - TERMINO TEMATICO
9 (RLIN) 14017
Término temático o nombre geográfico como elemento de entrada Ganadería sostenible
650 #0 - ASIENTO SECUNDARIO DE MATERIA - TERMINO TEMATICO
9 (RLIN) 10301
Término temático o nombre geográfico como elemento de entrada Sistemas silvopastoriles
650 #0 - ASIENTO SECUNDARIO DE MATERIA - TERMINO TEMATICO
9 (RLIN) 2473
Término temático o nombre geográfico como elemento de entrada Conservación de ecosistemas
650 #0 - ASIENTO SECUNDARIO DE MATERIA - TERMINO TEMATICO
9 (RLIN) 14017
Término temático o nombre geográfico como elemento de entrada Ganadería sostenible
700 ## - ASIENTO SECUNDARIO - NOMBRE PERSONAL
Nombre personal Montoya Molina Santiago
Término de relación Autor
9 (RLIN) 102137
700 ## - ASIENTO SECUNDARIO - NOMBRE PERSONAL
Nombre personal Escobar Sarria Federico
Término de relación Autor
9 (RLIN) 3531
942 ## - ELEMENTOS ADICIONALES (KOHA)
Sistema de clasificación Dewey Decimal Classification
Tipo de ítem Libro
Existencias
Withdrawn status Lost status Sistema de Clasificación Damaged status No para préstamo Colección Ubicación Permanente Ubicación actual Fecha de adquisición Total Checkouts Número topográfico Inventario / Código de Barras Date last seen Ejemplar Price effective from Forma de adquisición Tipo de material
    Dewey Decimal Classification     General Bogotá Bogotá 26/12/2019   LB-595.76 G44e 043912 26/12/2019 Ej.1 26/12/2019 Donación Libro